Avengers - Statistics

General Stats
  • This quiz has been taken 199 times
  • The average score is 13 of 15
Answer Stats
Hint Answer % Correct
He is the God of thunder Thor
94%
Lives in Wakanda Black Panther
93%
He's a human spider Spider-man
93%
A Literal Tree Groot
92%
A Strong, Green man Hulk
92%
A billionaire that owns Nanotech Iron-man
92%
Who's talent is with a Bow and Arrow Hawkeye
91%
He holds the Time Stone Dr. Strange
90%
Named after a bird Falcon
90%
A raccoon with a real bad temper Rocket
90%
Named after a type of bee Wasp
89%
He can shrink and grow Ant-man
88%
He holds the Mind Stone Vision
85%
Named after a spider Black Widow
83%
Who's sidekick was the Winter Soldier Captain America
76%
No matching quizzes found
Score Distribution
Percent of People with Each Score
Percentile by Number Answered
Your Score History
You have not taken this quiz